Quizzes
Events
Quiz Creation
Community
Videos
Private Events
Remove Ads
Sign In
Join for FREE
Feedback
Dark Mode
Quiz Categories
Sports
Geography
Music
Movies
Television
Just For Fun
Miscellaneous
History
Literature
Language
Science
Gaming
Entertainment
Religion
Holiday
For Kids
Quiz Lab
Recent
Popular Today
Quiz Kudos Today
Editor Picks
Curator Picks
Quizzes by...
Day
Popularity
Type
Ratings
Length
Year
Community
Subscriptions
Recent Discussions
Orange Saloon
Badges
Playlists
Quests
Create
Leaderboards
Showdown
Live 5
Trivia Bingo
Activity
Puzzle Library
Sporcle Events
Private Events
Virtual Trivia
Globe League
Become a Host
Pub Owners
SporcleCon
Opinionation
Our Games
Videos
Blog
Mobile Apps
Partnerships
Remove Ads and Go Orange
Feedback
Sports
Athletes
MLB
NBA
NHL
NFL
Soccer
Sports Teams
WWE
NCAA
Football
Premier League
Basketball
Baseball
Hockey
Golf
Tennis
Cricket
Rugby
Auto Racing
Olympics
World Cup
Sports
Athletes
MLB
NBA
NHL
NFL
Soccer
Sports Teams
WWE
NCAA
Football
Premier League
Basketball
Baseball
Hockey
Golf
Tennis
Cricket
Rugby
Auto Racing
Olympics
World Cup
Random Quiz
Search Sporcle
×
Quiz Lab
Quiz Lab
Sports
Baseball
Type in answers that appear in a list
Type in answers that appear in a list
Classic
Best Score? Go Orange.
Toronto Blue Jays Opening Day Lineups Stats
Can you name the Toronto Blue Jays Opening Day Lineups?
By
Gobias
10m
200 Questions
2,900 Plays
2,900 Plays
2,900 Plays
Comments
Comments
Give Quiz Kudos
Give Quiz Kudos
-
- Ratings
hide this ad
Replay
Link that replays current quiz
Next Quiz
Link to next quiz in quiz playlist
You Got
0%
They Got
Avg Score
58%
Avg Friend Score
Upgrade to see
Score Distribution
Jump to the score distribution portion of the page
Score
0/200
Timer
10:00
0
Plays Today
Year
Player
% Correct
2009
Roy Halladay
93.4%
2008
Roy Halladay
93.4%
2007
Roy Halladay
93.4%
2006
Roy Halladay
93.4%
2005
Roy Halladay
93.4%
2004
Roy Halladay
93.4%
2003
Roy Halladay
93.4%
2009
Vernon Wells
92.6%
2008
Vernon Wells
92.6%
2007
Vernon Wells
92.6%
2006
Vernon Wells
92.6%
2005
Vernon Wells
92.6%
2004
Vernon Wells
92.6%
2003
Vernon Wells
92.6%
2002
Vernon Wells
92.6%
2000
David Wells
91.4%
1997
Joe Carter
88.9%
1996
Joe Carter
88.9%
1995
Joe Carter
88.9%
1994
Joe Carter
88.9%
1993
Joe Carter
88.9%
1992
Joe Carter
88.9%
1991
Joe Carter
88.9%
2004
Carlos Delgado
87.6%
2003
Carlos Delgado
87.6%
2002
Carlos Delgado
87.6%
2001
Carlos Delgado
87.6%
2000
Carlos Delgado
87.6%
1999
Carlos Delgado
87.6%
1997
Carlos Delgado
87.6%
1996
Carlos Delgado
87.6%
1994
Carlos Delgado
87.6%
1995
Roberto Alomar
86.1%
1994
Roberto Alomar
86.1%
1993
Roberto Alomar
86.1%
1992
Roberto Alomar
86.1%
1991
Roberto Alomar
86.1%
2009
Aaron Hill
85.4%
2008
Aaron Hill
85.4%
2007
Aaron Hill
85.4%
2006
Aaron Hill
85.4%
1996
John Olerud
77.8%
1995
John Olerud
77.8%
1994
John Olerud
77.8%
1992
John Olerud
77.8%
1991
John Olerud
77.8%
1990
John Olerud
77.8%
1998
Roger Clemens
75.7%
1995
Devon White
74.7%
1994
Devon White
74.7%
1993
Devon White
74.7%
1992
Devon White
74.7%
1991
Devon White
74.7%
2009
Lyle Overbay
73.7%
2008
Lyle Overbay
73.7%
2007
Lyle Overbay
73.7%
2006
Lyle Overbay
73.7%
1999
Tony Fernandez
73.3%
1998
Tony Fernandez
73.3%
1990
Tony Fernandez
73.3%
1995
Paul Molitor
72.7%
1994
Paul Molitor
72.7%
1993
Paul Molitor
72.7%
2009
Alex Rios
72.3%
2008
Alex Rios
72.3%
2007
Alex Rios
72.3%
2006
Alex Rios
72.3%
Year
Player
% Correct
2009
Adam Lind
71.6%
1994
Pat Borders
70.5%
1993
Pat Borders
70.5%
1992
Pat Borders
70.5%
2009
Scott Rolen
69.3%
2001
Alex Gonzalez
67.3%
2000
Alex Gonzalez
67.3%
1999
Alex Gonzalez
67.3%
1998
Alex Gonzalez
67.3%
1997
Alex Gonzalez
67.3%
1996
Alex Gonzalez
67.3%
1995
Alex Gonzalez
67.3%
1994
Alex Gonzalez
67.3%
1999
Pat Hentgen
66.5%
1997
Pat Hentgen
66.5%
1992
Kelly Gruber
65.3%
1991
Kelly Gruber
65.3%
1990
Kelly Gruber
65.3%
2007
Troy Glaus
64.6%
2006
Troy Glaus
64.6%
2008
Gregg Zaun
63.9%
2007
Gregg Zaun
63.9%
2005
Gregg Zaun
63.9%
2008
Shannon Stewart
63.8%
2003
Shannon Stewart
63.8%
2002
Shannon Stewart
63.8%
2001
Shannon Stewart
63.8%
2000
Shannon Stewart
63.8%
1999
Shannon Stewart
63.8%
1998
Shannon Stewart
63.8%
2007
Reed Johnson
63.3%
2006
Reed Johnson
63.3%
2004
Reed Johnson
63.3%
1991
Dave Stieb
62.7%
1990
George Bell
61.8%
1992
Derek Bell
61.2%
1999
Shawn Green
61.1%
1998
Shawn Green
61.1%
1997
Shawn Green
61.1%
1996
Shawn Green
61.1%
1995
Shawn Green
61.1%
2008
Frank Thomas
60.6%
2007
Frank Thomas
60.6%
1992
Dave Winfield
59.6%
1998
Ed Sprague
57.2%
1997
Ed Sprague
57.2%
1996
Ed Sprague
57.2%
1995
Ed Sprague
57.2%
1994
Ed Sprague
57.2%
1993
Ed Sprague
57.2%
1990
Fred McGriff
55.7%
1993
Jack Morris
55.5%
1992
Jack Morris
55.5%
2009
Rod Barajas
52.7%
2009
Marco Scutaro
51.5%
2008
Marco Scutaro
51.5%
2006
Bengie Molina
50.9%
1994
Juan Guzman
48.3%
1992
Manuel Lee
46.9%
1991
Manuel Lee
46.9%
1995
David Cone
46.4%
2001
Tony Batista
45.9%
2000
Tony Batista
45.9%
1998
Jose Canseco
45.3%
2005
Orlando Hudson
45.3%
2004
Orlando Hudson
45.3%
2003
Orlando Hudson
45.3%
Year
Player
% Correct
2002
Jose Cruz
44.7%
2001
Jose Cruz
44.7%
2000
Jose Cruz
44.7%
1999
Jose Cruz
44.7%
1998
Jose Cruz
44.7%
2009
Travis Snider
43.8%
2002
Darrin Fletcher
43.7%
2001
Darrin Fletcher
43.7%
2000
Darrin Fletcher
43.7%
1999
Darrin Fletcher
43.7%
1998
Darrin Fletcher
43.7%
2002
Raul Mondesi
43.6%
2001
Raul Mondesi
43.6%
2000
Raul Mondesi
43.6%
2005
Eric Hinske
43.1%
2004
Eric Hinske
43.1%
2003
Eric Hinske
43.1%
2002
Eric Hinske
43.1%
1996
Sandy Martinez
42.1%
1993
Domingo Martinez
42.1%
2002
Chris Carpenter
38.5%
2006
Russ Adams
38.2%
2005
Russ Adams
38.2%
1991
Mookie Wilson
36.1%
1990
Mookie Wilson
36.1%
2008
David Eckstein
34.4%
1991
Greg Myers
34.4%
1990
Greg Myers
34.4%
2002
Homer Bush
33.8%
2001
Homer Bush
33.8%
2000
Homer Bush
33.8%
1999
Homer Bush
33.8%
1993
Darrin Jackson
32%
2006
Shea Hillenbrand
31.9%
2005
Shea Hillenbrand
31.9%
2005
Frank Catalanotto
30.9%
2004
Frank Catalanotto
30.9%
2003
Frank Catalanotto
30.9%
1997
Carlos Garcia
30.5%
2005
Corey Koskie
30.2%
2001
Brad Fullmer
30.1%
2000
Brad Fullmer
30.1%
1997
Benito Santiago
29.2%
1997
Otis Nixon
28%
1996
Otis Nixon
28%
2007
Royce Clayton
27.1%
1991
Rance Mulliniks
25.1%
2002
Felipe Lopez
24.7%
1990
Todd Stottlemyre
24.7%
2004
Chris Woodward
22.9%
2003
Chris Woodward
22.9%
2004
Josh Phelps
22.4%
2003
Josh Phelps
22.4%
2001
Esteban Loaiza
21%
1993
Dick Schofield
20.8%
1990
Junior Felix
19.5%
2004
Kevin Cash
18.8%
2003
Ken Huckaby
18.7%
1997
Orlando Merced
17.5%
1990
Nelson Liriano
17.4%
1996
Erik Hanson
15.2%
2005
Gabe Gross
13.8%
1998
Mike Stanley
13.6%
1995
Lance Parrish
13.4%
1996
Domingo Cedeno
12%
1999
Dave Hollins
9.9%
Quiz Playlist
Details
Report
Send in Message
Add To Playlist
Classic:
Type in answers that appear in a list
Last Updated: Jul 25, 2017
Quiz Scoreboard
CHALLENGE
Sign Up to Join the Scoreboard
Show All
Scores
Hide
Comments
May contain spoilers
Recently Published
An Introduction to Baseball
by treessimontrees
Sports
5m
Movies - When Are They Set?
by FPL_Elf
Movies
5m
Popular People in 1961
by mucciniale
History
6m
More to Explore
Quiz From the Vault
Featured Blog Post
Where Did the Easter Bunny Come From?
hide this ad
You Might Also Like...
Tags
Baseball Quiz
Football Quiz
MLB Quiz
blue
Jay
Opening Day Lineups
Player
toronto
Toronto Blue Jays
Today's Top Quizzes in Sports
Browse Sports
hide this ad
Today's Top Quizzes in Baseball
Browse Baseball
Top Contributed Quizzes in Sports
1
Les meilleurs buteurs des matchs entre le PSG et l’OM
2
2022 World Cup Stars
3
FIFA Club World Cup Champions
4
Les entraîneurs de l'OM et du PSG au 21e siècle
5
Name the Premier League winners with different clubs
6
La finale Lions - Afrique du Sud 2021
7
Criteria MLB: Left Handed Sluggers
8
Les joueurs passés par le LOSC et le RC Lens
9
Players with Multiple 50 Home Run Seasons
10
MLB Players with Two .350 Batting Average Seasons
Explore More
Trending Topics
Marvel
Kpop
Disney
Crossword
Anime
NBA
Harry Potter
Puzzle
Song
The Office
WWE
Pokémon
NFL
Country
Soccer
hide this ad
More By:
Gobias
Quiz
Plays
Rating
Category
Featured
Created
Toronto Blue Jays Opening Day Lineups
2,900
4.11
Sports
Sep 29, 2009
Toronto Blue Jays Opening Day Pre-1990
1,877
4.38
Sports
Oct 1, 2009
Go to Creator's Profile
Score Distribution
Quiz Creator Spotlight
Gobias
Follow
Send a Message
Quizzes Created
-
Created Quiz Play Count
-
More By This Creator
Popular Quizzes Today
1
Find the Countries of Europe - No Outlines Minefield
2
Find the US States - No Outlines Minefield
3
The Countries of the World
4
Popular People in 1961
5
US States
6
1-10 Letter E Words III
7
Find the US States
8
One Thing in Common: World Cities II
More Sports Quizzes
Every Women's Match at WWE WrestleMania (2010s)
Quiz Lab
Trending Quizzes
Risky Map Clicking: Least Populous States A-Z
1-10 Letter F Words
1-10 Letter G Words
One Thing in Common: United Kingdom
Risky Map Clicking: Next State Alphabetically
Recently Updated
Leaping Animals
pecheneg
Reality TV Shows (A-Z)
bhenderson79
Rickey Henderson's Hall of Fame Teammates
pecheneg
Champions League XIs: Arsenal
pecheneg
Quick Pick: Celebrities in WWE's Hall of Fame
aduchscher
A-Z Keypad Blitz II
pecheneg
Multiple Oscar Actors
pecheneg
Mystery Phrase Blitz: Oscar 'Best Actors'
pecheneg
F. Scott Fitzgerald Novels
LTH
Pick 3 Villains
ddd62291
Trending Topics
Marvel
Anime
Harry Potter
Disney
Crossword
NBA
Kpop
Country
Pokémon
Puzzle
Soccer
NFL
Song
WWE
The Office
Your Account Isn't Verified!
In order to create a playlist on Sporcle, you need to verify the email address you used during registration. Go to your
Sporcle Settings
to finish the process.
Report this User
Report this user for behavior that violates our
Community Guidelines
.
Details:
Send Report
Go to the Sporcle.com Mobile Site →
Comments